000 00324 a2200157 4500
001 44247
020 _a8585466766
040 _cAnchieta - Aquarius
100 _aBrunhoff, Jean de
240 1 0 _aO rei Babar
_lpor
245 1 0 _aO rei Babar
300 _a
362 0 _a1997
650 4 _aLiteratura juvenil
942 _cBK
999 _c44247
_d44247